000 01964cab a2200205 4500
001 ##L133967
008 060626n2006 000 0 eng u
035 _a(Sirsi) u133967
041 0 _aeng
245 0 4 _aThe Carphone Warehouse UK Ltd v Cyrus Malekout
260 _c2006
520 _a[2006] EWCA Civ 767, 14 June 2006. Considers the effect of a Tomlin order settling possession proceedings. Appeal by C against a decision refusing its claim for possession of a flat occupied at one time by M who had been in dispute with the original landlord over the state of the premises which were unoccupied and became uninhabitable. C became landlord by assignment and brought proceedings against M claiming arrears of rent and that M's statutory tenancy had terminated because he was not in occupation. The parties agreed in a Tomlin order that once C had completed work on the flat to the satisfaction of an independent expert, M would become liable to pay rent which he refused to do, whereon C sought possession. The judge held that the matter had been settled under the Tomlin order and that it would be an abuse of process for C to contend that M had lost his statutory protection before the date of the order. "Held": appeal dismissed. The Tomlin order settled the issue of M's intention to return to actual occupation once the premises were habitable. There was ample evidence in relation to the period between the date of the Tomlin order and the commencement of the second proceedings that M had retained an intention to return to the property.
590 _aIKA040706
650 2 4 _aRENT ACT 1977 S2
650 2 4 _aCARPHONE WAREHOUSE UK LTD V MALEKOUT
651 4 _aEngland and Wales
_y1543-
690 _aPROPERTY-RESIDENTIAL PROPERTY-RESIDENTIAL LANDLORD AND TENANT-RESIDENTIAL LEASES-BREACHING RESIDENTIAL LEASES
856 4 0 _uhttps://www.bailii.org/ew/cases/EWCA/Civ/2006/767.html
_zView the judgment free of charge at ww.bailii.org...
942 _n0
999 _c77293
_d77293